|
|
|
|
| LEADER |
00759nta a2200205 i 4500 |
| 001 |
dipl134256 |
| 005 |
20230731112519.0 |
| 008 |
230731s2022 hu om 0|| hun d |
| 040 |
|
|
|a SZTE Diploma Repozitórium
|b hun
|
| 041 |
|
|
|a hun
|
| 100 |
1 |
|
|a Kiss Tamás
|
| 245 |
1 |
3 |
|a Az önvezető autók elterjedésének társadalmi akadályai
|h [elektronikus dokumentum] /
|c Tamás Kiss
|
| 246 |
1 |
0 |
|a Social Barriers of Diffusion of Autonomous Vehicles
|h [elektronikus dokumentum]
|
| 260 |
|
|
|c 2022
|
| 650 |
|
4 |
|a Gazdaságtudományok
|
| 650 |
|
4 |
|a Social sciences
|
| 650 |
|
4 |
|a Economics and business
|
| 650 |
|
4 |
|a Business and management
|
| 700 |
1 |
|
|a Gyurkovics János
|e ths
|
| 856 |
4 |
0 |
|u https://diploma.bibl.u-szeged.hu/id/eprint/134256/1/2022_kiss_tamas.pdf
|z Dokumentum-elérés
|